000 00826nam a2200229Ia 4500
003 GCL
005 20240530104251.0
008 140319s9999 xx 000 0 ara d
040 _aGCL /
_cGCL
082 0 4 _aق
_b953.08
_bم ن
100 1 _aمحمد كمال الدين عزالدين على
245 1 0 _aنزهة الاساطين فيمن ولى مصر من السلاطين /
_cمحمد كمال الدين عزالدين على
300 _a175
490 _a100 قصة
_v0
650 0 4 _aالتاريخ
650 0 4 _aالدولة الايوبية
650 0 4 _aالسلاطين
650 0 4 _aالدولة التركية التترية
650 0 4 _aدولة الجراكسة
700 1 _aعبدالباسط الملطى : زين الدين عبدالباسط بن خليل بن شاهين
942 _2ddc
_cBK
999 _c46010
_d46010